Gregorio Marañón : (Record no. 180882)

MARC details
000 -LEADER
campo de control de longitud fija 01027nam a2200265 i 4500
001 - NÚMERO DE CONTROL
campo de control 180882
003 - IDENTIFICADOR DE NÚMERO DE CONTROL
campo de control ES-MaACL
005 - FECHA Y HORA DE LA ÚLTIMA TRANSACCIÓN
campo de control 20250729063244.0
008 - DATOS DE LONGITUD FIJA--INFORMACIÓN GENERAL
campo de control de longitud fija 120806s2011 sp acfo |||| |bspa d
020 ## - NÚMERO INTERNACIONAL ESTÁNDAR DEL LIBRO
Número Internacional Estándar del Libro 978-84-306-0794-5
080 ## - NÚMERO DE LA CLASIFICACIÓN DECIMAL UNIVERSAL
Número de la Clasificación Decimal Universal 929 Marañón, Gregorio
100 1# - ENTRADA PRINCIPAL--NOMBRE DE PERSONA
Nombre de persona López Vega, Antonio,
Fechas asociadas al nombre 1978-
9 (RLIN) 139555
245 10 - MENCIÓN DEL TÍTULO
Título Gregorio Marañón :
Resto del título radiografía de un liberal /
Mención de responsabilidad, etc. Antonio López Vega ; [prólogo, Juan Pablo Fusi].
260 ## - PUBLICACIÓN, DISTRIBUCIÓN, ETC.
Lugar de publicación, distribución, etc. Madrid :
Nombre del editor, distribuidor, etc. Taurus,
Fecha de publicación, distribución, etc. 2011.
300 ## - DESCRIPCIÓN FÍSICA
Extensión 552 p., [26] p. de lám. ;
Dimensiones 24 cm.
490 1# - MENCIÓN DE SERIE
Mención de serie Memorias y biografías
500 ## - NOTA GENERAL
Nota general Índice onomástico.
505 8# - NOTA DE CONTENIDO CON FORMATO
Nota de contenido con formato Contiene: 1887-1922: Juventud ; 1923-1936: Plenitud ; 1936-1942: Desconcierto ; 1942-1960: Posibilismo
600 14 - PUNTO DE ACCESO ADICIONAL DE MATERIA--NOMBRE DE PERSONA
Nombre de persona Marañón, Gregorio,
Fechas asociadas al nombre 1887-1960-
Subdivisión general Biografías
9 (RLIN) 76312
700 1# - ENTRADA AGREGADA--NOMBRE PERSONAL
Nombre de persona Fusi, Juan Pablo,
Fechas asociadas al nombre 1945-
9 (RLIN) 53068
830 1# - PUNTO DE ACCESO ADICIONAL DE SERIE-TÍTULO UNIFORME
Título uniforme Memorias y biografías
9 (RLIN) 183047
852 4# - LOCALIZACIÓN
Ubicación ES-MaACL
Número de control de estantería A-12161
itemnumber 187759
Sublocalización o colección R.147138
Ubicación en estantería Depósito 1
Signatura antigua Olim: N-5166
942 ## - ELEMENTOS DE ENTRADA SECUNDARIOS (KOHA)
Fuente del sistema de clasificación o colocación Clasificación decimal universal
Tipo de ítem Koha Libro impreso
Holdings
Estatus retirado Estado de pérdida Fuente del sistema de clasificación o colocación Estado de daño No para préstamo Biblioteca de origen Biblioteca actual Ubicación en estantería Fecha de adquisición Fuente de adquisición Total de préstamos Signatura topográfica completa Código de barras Visto por última vez Precio de reemplazo Tipo de ítem Koha
    Clasificación decimal universal     Biblioteca del Ateneo de Madrid Biblioteca del Ateneo de Madrid Depósito 1 06/08/2012 Compra   A-12161 1190074 23/02/2023 23/02/2023 Libro impreso